Schéma kruhového podpisu založená na MQ probléme

Salvato in:
Dettagli Bibliografici
Autore principale: Mihaľov, Jakub (Autore)
Altri autori: Hromada, Viliam (Relatore della tesi)
Natura: Manoscritto Libro
Lingua:slovacco
Pubblicazione: 2025
Soggetti:
Accesso online:http://is.stuba.sk/zp/portal_zp.pl?podrobnosti=177527
Tags: Aggiungi Tag
Nessun Tag, puoi essere il primo ad aggiungerne!!

MARC

LEADER 00000ntm a22000003a 4500
001 stuzp97961
003 SK-STU
005 20250614210509.9
007 ta
008 150427s2015----xo-----f-mn---000-0-slo-d
040 |a STU  |b slo 
041 0 |a slo 
100 1 |a Mihaľov, Jakub  |u 035000  |4 aut  |U FEI Fakulta elektrotechniky a informatiky  |T FEI Ústav informatiky a matematiky  |X 104535  |U E050  |Y 816  |7 104535 
242 0 1 |a Ring signature scheme based on MQ problem  |y eng 
245 1 0 |a Schéma kruhového podpisu založená na MQ probléme 
260 |c 2025 
650 4 |a digital signatures  |2 eng 
650 4 |a MAYO  |2 eng 
650 4 |a UOV  |2 eng 
650 4 |a multivariate cryptography  |2 eng 
650 4 |a ring signature scheme  |2 eng 
650 4 |a Post-quantum cryptography  |2 eng 
650 4 |a Postkvantová kryptografia  |2 slo 
650 4 |a MAYO  |2 slo 
650 4 |a UOV  |2 slo 
650 4 |a kruhová podpisová schéma  |2 slo 
650 4 |a multivariátna kryptografia  |2 slo 
650 4 |a Digitálne podpisy  |2 slo 
700 1 |a Hromada, Viliam  |u 035000  |k Z1  |4 ths  |U FEI Fakulta elektrotechniky a informatiky  |T FEI Ústav informatiky a matematiky  |X 36029  |U E050  |Y 816  |7 A000036029 
856 4 |u http://is.stuba.sk/zp/portal_zp.pl?podrobnosti=177527